000
00256 a2200109 4500
001
32352
090
_c
21730
_d
21730
100
_a
Bigelow Stephen
245
_a
Troubleshooting and Repairing computer monitors, 2/e
250
_a
2
260
_a
N.Y
_b
McGraw Hill
_c
1997
942
_a
NUST-CAE
999
_c
267425
_d
267425